000 00485nam a2200169Ia 4500
999 _c12162
_d12162
003 OSt
005 20201005131730.0
008 190216s9999||||xx |||||||||||||| ||und||
040 _coclc
082 _a813.52
_bJHA/B
100 _aJhabvala, Prawer R
_95281
245 0 _aA Backward Place /
_cR Prawer Jhabvala
260 _bOrient Paper Back,
_c1965.
_aNew delhi:
300 _a236p
650 _aEnglish Novel
942 _cBK
_2ddc
_h813.52
_iJHA/B
_k813.52
_mJHA/B